000 00451nam a2200181Ia 4500
001 20708
005 20260306172825.0
008 260306t2017||||xx |||||||||||||| ||spa||
041 _aESP
082 _a343.7
_bG64
100 _aGómez Tomillo, Manuel
_eAUT
245 0 _aDerecho administrativo sancionador:
_bparte general
260 _c2017
300 _a1037 páginas :
_c24 cm.
650 _aGEN
654 _aCDE
942 _cLIB
_dJUS
_fJUS
_2ddc
_n
999 _c20708
_d20708